[Event "Titled Tuesday intern op 16th Apr Late"]
[Site "Chess.com INT"]
[Date "2024.04.16"]
[Round "8"]
[White "Kurtz, Eric M"]
[Black "Martinez Ramirez, Lennis"]
[Result "1-0"]
[WhiteElo "2042"]
[BlackElo "2442"]
[PlyCount "75"]
[EventDate "2024.04.16"]
[EventType "swiss (blitz)"]
[EventRounds "11"]
[EventCountry "USA"]
[SourceTitle "CB17_2024"]
[SourceDate "2024.04.24"]
[SourceVersion "1"]
[SourceVersionDate "2024.04.24"]
[SourceQuality "1"]

1. c4 e5 2. g3 Nf6 3. Bg2 c6 4. d4 exd4 5. Qxd4 d5 6. Nf3 dxc4 7. Qxc4 Be6 8. Qc2 Nbd7 9. Nc3 Bc5 10. 0-0 0-0 11. Ng5 Qe7 12. Rd1 Bg4 13. Nce4 Bb6 14. Bf4 Nxe4 15. Bxe4 g6 16. h3 Be6 17. Bg2 Rad8 18. Ne4 Bd5 19. Bd6 Qe6 20. Bxf8 Nxf8 21. Nc3 Bxg2 22. Kxg2 Re8 23. e3 Qf6 24. Qe2 Ne6 25. Qf3 Qe5 26. h4 h5 27. Rd7 Rf8 28. Rad1 Nc5 29. R7d2 Qe6 30. a3 a5 31. Rd6 Qb3 32. R1d2 Kg7 33. Qf6+ Kg8 34. Qf3 Qc4 35. R6d4 Qb3 36. Ne4 Ne6 37. Rd7 Qb5 38. Nd6 1-0

[Event "Titled Tuesday intern op 16th Apr Late"]
[Site "Chess.com INT"]
[Date "2024.04.16"]
[Round "11"]
[White "Kurtz, Eric M"]
[Black "Tikhonov, Viacheslav"]
[Result "0-1"]
[WhiteElo "2042"]
[BlackElo "2160"]
[PlyCount "154"]
[EventDate "2024.04.16"]
[EventType "swiss (blitz)"]
[EventRounds "11"]
[EventCountry "USA"]
[SourceTitle "CB17_2024"]
[SourceDate "2024.04.24"]
[SourceVersion "1"]
[SourceVersionDate "2024.04.24"]
[SourceQuality "1"]

1. Nf3 g6 2. g3 Bg7 3. c4 Nf6 4. Nc3 d5 5. cxd5 Nxd5 6. Bg2 c6 7. 0-0 0-0 8. Qc2 a5 9. d3 Bg4 10. Bd2 Na6 11. a3 Nxc3 12. bxc3 Nc5 13. a4 Ra6 14. Rab1 Rb6 15. Rxb6 Qxb6 16. Rb1 Qc7 17. Be3 Bxf3 18. Bxf3 Ne6 19. Qb3 Rb8 20. Ba7 Ra8 21. Qxb7 Rxa7 22. Qxc7 Rxc7 23. d4 c5 24. e3 cxd4 25. cxd4 h6 26. Rb5 Ra7 27. h4 Nc7 28. Rb8+ Kh7 29. Be2 e6 30. Kg2 Nd5 31. Rc8 Nb6 32. Rb8 Nxa4 33. Rb3 Bf8 34. Bb5 Nb6 35. h5 Nd5 36. hxg6+ fxg6 37. Ba4 Bb4 38. Rb2 Nc3 39. Bb3 Nd5 40. e4 Nc7 41. Rc2 Kg7 42. Rc6 Nb5 43. Rc4 Na3 44. Rc8 a4 45. Bxe6 Nb5 46. Rc4 Be7 47. Rc1 a3 48. Ba2 Nxd4 49. Rd1 Nc2 50. e5 Nb4 51. Bb3 a2 52. Ra1 Bc5 53. Bxa2 Rxa2 54. Rc1 Bd4 55. Rc4 Rxf2+ 56. Kh3 Bxe5 57. Rxb4 Rf3 58. Rg4 Rxg3+ 59. Rxg3 Bxg3 60. Kxg3 Kf6 61. Kh3 Kg5 62. Kg3 h5 63. Kh3 h4 64. Kg2 Kh5 65. Kh3 g5 66. Kg2 g4 67. Kh2 Kg5 68. Kg2 Kf4 69. Kh2 g3+ 70. Kg2 Kg4 71. Kh1 h3 72. Kg1 Kf3 73. Kh1 g2+ 74. Kg1 h2+ 75. Kxh2 Kf2 76. Kh3 g1Q 77. Kh4 Qg6 0-1

[Event "Titled Tuesday intern op 21st Mar Late"]
[Site "Chess.com INT"]
[Date "2023.03.21"]
[Round "1"]
[White "Coelho, Ramyres Santana"]
[Black "Kurtz, Eric M"]
[Result "0-1"]
[WhiteElo "1981"]
[BlackElo "2042"]
[PlyCount "80"]
[EventDate "2023.03.21"]
[EventType "swiss (blitz)"]
[EventRounds "11"]
[EventCountry "USA"]
[SourceTitle "EXT 2024"]
[Source "ChessBase"]
[SourceDate "2023.10.10"]
[SourceVersion "1"]
[SourceVersionDate "2023.10.10"]
[SourceQuality "1"]

1. e4 d6 2. d4 Nf6 3. Nc3 g6 4. f3 c6 5. Be3 Nbd7 6. Qd2 b5 7. 0-0-0 Nb6 8. g4 h5 9. g5 Nfd7 10. Kb1 b4 11. Nce2 Nc4 12. Qc1 Nxe3 13. Qxe3 Bg7 14. f4 0-0 15. f5 c5 16. Nf3 Bb7 17. d5 Nb6 18. Nf4 Na4 19. fxg6 Nxb2 20. gxf7+ Rxf7 21. Rd2 Na4 22. Ne6 Nc3+ 23. Kc1 Qa5 24. Rd3 Nxa2+ 25. Kd2 b3+ 26. Ke2 bxc2 27. Bh3 c1Q 28. Rxc1 Nxc1+ 29. Qxc1 Ba6 30. Ne1 Qa2+ 31. Kd1 Bxd3 32. Nxd3 Qxh2 33. Nef4 Qg1+ 34. Kc2 Qxc1+ 35. Kxc1 Rxf4 36. Nxf4 Bd4 37. Be6+ Kg7 38. g6 Be3+ 39. Kc2 Bxf4 40. Bf5 h4 0-1

[Event "Titled Tuesday intern op 21st Mar Late"]
[Site "Chess.com INT"]
[Date "2023.03.21"]
[Round "3"]
[White "Kurtz, Eric M"]
[Black "Jovic, Stanoje"]
[Result "0-1"]
[WhiteElo "2042"]
[BlackElo "2073"]
[PlyCount "120"]
[EventDate "2023.03.21"]
[EventType "swiss (blitz)"]
[EventRounds "11"]
[EventCountry "USA"]
[SourceTitle "EXT 2024"]
[Source "ChessBase"]
[SourceDate "2023.10.10"]
[SourceVersion "1"]
[SourceVersionDate "2023.10.10"]
[SourceQuality "1"]

1. Nf3 Nf6 2. c4 c5 3. Nc3 Nc6 4. g3 g6 5. Bg2 Bg7 6. 0-0 0-0 7. a3 a6 8. Rb1 Rb8 9. b4 cxb4 10. axb4 b5 11. cxb5 axb5 12. d4 d5 13. Ne5 Qd6 14. Bf4 g5 15. Nxc6 gxf4 16. Nxb8 fxg3 17. hxg3 Bf5 18. Rc1 Rxb8 19. Qd2 e6 20. Qf4 Qxf4 21. gxf4 Bf8 22. Na2 Ra8 23. Ra1 Bd6 24. e3 Bd3 25. Rfc1 Bc4 26. Nc3 Rxa1 27. Rxa1 Bxb4 28. Ra8+ Kg7 29. Na2 Bd2 30. Bf1 Ne4 31. Bxc4 bxc4 32. Kf1 h5 33. Ke2 h4 34. f3 h3 35. Kf1 h2 36. Kg2 Nf2 37. Kxh2 Bxe3 38. Kg2 Bxd4 39. Nb4 Nd3 40. Nc6 Nxf4+ 41. Kg3 Be3 42. Ra7 c3 43. Ne5 c2 44. Rxf7+ Kg8 45. Rc7 c1Q 46. Rxc1 Bxc1 47. Kg4 Ne2 48. Nc6 Kf7 49. Nd8+ Ke7 50. Nc6+ Kd6 51. Nb4 Bd2 52. Nd3 e5 53. Nf2 Bf4 54. Nd3 d4 55. Kf5 Kd5 56. Nb4+ Kc4 57. Nc6 d3 58. Na5+ Kc3 59. Ke4 d2 60. Nb3 Kxb3 0-1

[Event "Dulles Cherry Blossom op"]
[Site "Dulles"]
[Date "2022.05.29"]
[Round "6"]
[White "Zlotnikov, Mikhail"]
[Black "Kurtz, Eric M"]
[Result "1-0"]
[WhiteElo "2194"]
[BlackElo "2023"]
[PlyCount "121"]
[EventDate "2022.05.26"]
[EventType "swiss"]
[EventRounds "9"]
[EventCountry "USA"]
[SourceTitle "CBM 208 Extra"]
[Source "ChessBase"]
[SourceDate "2022.07.31"]
[SourceVersion "1"]
[SourceVersionDate "2022.07.31"]
[SourceQuality "1"]

1. c4 c5 2. Nf3 Nc6 3. Nc3 g6 4. g3 Bg7 5. Bg2 e6 6. 0-0 Nge7 7. e4 0-0 8. d3 d6 9. Rb1 h6 10. Bd2 b6 11. a3 Bb7 12. b4 Rc8 13. Re1 Nd4 14. Nxd4 cxd4 15. Ne2 Qd7 16. b5 e5 17. Rf1 f5 18. f3 g5 19. exf5 Qxf5 20. Bb4 Qg6 21. g4 Rf7 22. Ng3 d5 23. Qb3 Qe6 24. Rbc1 dxc4 25. Rxc4 Bd5 26. Rxc8+ Qxc8 27. Qd1 Ng6 28. Nf5 Bf8 29. Qd2 Nf4 30. Re1 Bxb4 31. axb4 Rxf5 32. gxf5 Qxf5 33. Ra1 g4 34. Bf1 gxf3 35. Qf2 Qf7 36. Qg3+ Kh7 37. Rc1 Nh5 38. Qf2 Qg7+ 39. Kh1 Nf4 40. h3 h5 41. Kh2 Qf7 42. Re1 Ng6 43. Qg3 Qf5 44. Ra1 h4 45. Rxa7+ Kh6 46. Qg4 Qf6 47. Rd7 Ba8 48. Ra7 Bd5 49. Rd7 Bb3 50. Rc7 e4 51. Rc6 Qe5+ 52. Kh1 Bf7 53. Qxh4+ Kg7 54. Qxe4 Qxe4 55. dxe4 Ne5 56. Rxb6 d3 57. Rd6 Bg6 58. Rd4 f2 59. Kg2 Kf6 60. Kxf2 Kg5 61. Kg3 1-0

[Event "Dulles Cherry Blossom op"]
[Site "Dulles"]
[Date "2021.05.31"]
[Round "8"]
[White "Kurtz, Eric M"]
[Black "Sarkar, Justin"]
[Result "1/2-1/2"]
[WhiteElo "2059"]
[BlackElo "2360"]
[PlyCount "76"]
[EventDate "2021.05.27"]
[EventType "swiss"]
[EventRounds "9"]
[EventCountry "USA"]
[SourceTitle "CBM 203 Extra"]
[Source "ChessBase"]
[SourceDate "2021.09.30"]
[SourceVersion "1"]
[SourceVersionDate "2021.09.30"]
[SourceQuality "1"]

1. c4 Nc6 2. Nc3 e5 3. g3 Bc5 4. Bg2 d6 5. Nf3 a6 6. d3 Nge7 7. a3 Ba7 8. b4 Rb8 9. 0-0 0-0 10. Bb2 b5 11. Rc1 Nd4 12. Nxd4 Bxd4 13. c5 dxc5 14. e3 cxb4 15. exd4 bxc3 16. Bxc3 exd4 17. Ba5 Nd5 18. Rc5 Nb6 19. Qc2 Bb7 20. Bc6 Na4 21. Rd5 Qf6 22. Rc1 Nc3 23. Bxb7 Rxb7 24. Bxc3 dxc3 25. Qxc3 Qxc3 26. Rxc3 a5 27. Rdc5 Rc8 28. Rb3 Rcb8 29. a4 Kf8 30. axb5 Ke7 31. Ra3 Kd6 32. Rc6+ Kd7 33. Rxa5 Rxb5 34. Rxb5 Rxb5 35. Rc3 Kd6 36. Kg2 c5 37. Kf3 Kd5 38. Ke3 Rb7 1/2-1/2

[Event "Dulles Cherry Blossom op"]
[Site "Dulles"]
[Date "2021.05.29"]
[Round "5"]
[White "Kurtz, Eric M"]
[Black "Kraai, Jesse"]
[Result "1/2-1/2"]
[WhiteElo "2059"]
[BlackElo "2429"]
[PlyCount "64"]
[EventDate "2021.05.27"]
[EventType "swiss"]
[EventRounds "9"]
[EventCountry "USA"]
[SourceTitle "CBM 203 Extra"]
[Source "ChessBase"]
[SourceDate "2021.09.30"]
[SourceVersion "1"]
[SourceVersionDate "2021.09.30"]
[SourceQuality "1"]

1. c4 Nf6 2. g3 e6 3. Bg2 d5 4. Nf3 Be7 5. 0-0 0-0 6. b3 d4 7. e3 c5 8. exd4 cxd4 9. Bb2 Nc6 10. Re1 Bd6 11. Na3 e5 12. c5 Bc7 13. Nc4 Re8 14. d3 Bg4 15. b4 Nxb4 16. Qb3 Nxd3 17. Qxd3 e4 18. Qb3 exf3 19. Bxf3 Bxf3 20. Qxf3 Qd5 21. Qxd5 Nxd5 22. Bxd4 f6 23. Rxe8+ Rxe8 24. Ne3 Be5 25. Bxe5 Nxe3 26. Bd6 Nf5 27. Rb1 b6 28. cxb6 axb6 29. Rxb6 Re1+ 30. Kg2 Ra1 31. a3 Nxd6 32. Rxd6 Rxa3 1/2-1/2

[Event "PRO League Stage"]
[Site "Chess.com INT"]
[Date "2019.01.16"]
[Round "2"]
[White "Katz, Alexander R"]
[Black "Kurtz, Eric M"]
[Result "1-0"]
[WhiteElo "2433"]
[BlackElo "1868"]
[PlyCount "57"]
[EventDate "2019.01.08"]
[EventType "team-swiss (rapid)"]
[EventRounds "10"]
[EventCountry "USA"]
[SourceTitle "CBM 188 Extra"]
[Source "ChessBase"]
[SourceDate "2019.02.26"]
[SourceVersion "1"]
[SourceVersionDate "2019.02.26"]
[SourceQuality "1"]
[WhiteTeam "Miami Champions"]
[BlackTeam "Montreal Chessbrahs"]
[WhiteTeamCountry "USA"]
[BlackTeamCountry "CAN"]

1. e4 d6 2. d4 Nf6 3. Nc3 g6 4. h3 c6 5. a4 Bg7 6. g4 h5 7. g5 Nfd7 8. Bg2 c5 9. Nge2 Nc6 10. Be3 cxd4 11. Nxd4 Qa5 12. 0-0 0-0 13. Nd5 Re8 14. Nb5 Rb8 15. Nbc7 Rd8 16. b4 Nxb4 17. Bd2 Bxa1 18. Qxa1 Qc5 19. Bxb4 Qc4 20. Nxe7+ Kh7 21. Bxd6 b5 22. axb5 Rb6 23. e5 Nf8 24. Ncd5 Rbxd6 25. exd6 Nd7 26. Re1 Qh4 27. Nf6+ Nxf6 28. Qxf6 Qc4 29. Bd5 1-0